|
|
|
|
| LEADER |
00795nam a2200157Ia 4500 |
| 008 |
121027s9999 xx 000 0 eng d |
| 020 |
|
|
|a 521596610
|
| 082 |
|
|
|a 302.2244
|b COL/L
|
| 100 |
|
|
|a Collins, James
|
| 245 |
|
|
|a Literacy and literacies: Texts, power, and identity /
|
| 260 |
|
|
|a Cambridge:
|b Cambridge University Press,
|c 2003.
|
| 300 |
|
|
|a 217p
|
| 505 |
|
|
|a 1. Texts, power, and identity 2. Literacy thesis: Vexed questions of rationality, development, and self 3. Situated approaches to the literacy debate 4. Literacies and power in modern nation states: Euro-American lessons 5. Literacies and identity for
|
| 700 |
|
|
|a Blot, Richard K
|
| 999 |
|
|
|c 54360
|d 54360
|
| 952 |
|
|
|0 0
|1 0
|4 0
|6 302_224400000000000_COL_L
|7 0
|9 54338
|a UL
|b UL
|c ST1
|d 2012-10-27
|l 0
|o 302.2244 COL/L
|p 78046
|r 2012-10-27
|w 2012-10-27
|y BK
|